000 00451nam a2200181Ia 4500
001 18907
005 20260306171705.0
008 260306s9999||||xx |||||||||||||| ||und||
041 _aESP
082 _a658.562
_bC68
100 _aCortés, Enrique Claver
_eAUT
245 0 _aGestión de la calidad y gestión medioambiental
260 _c2011
300 _a354 páginas :
_c24 cm.
650 _aGEN
654 _aCAN
942 _cLIB
_dJUS
_fJUS
_2ddc
_n
999 _c18907
_d18907